[Event "España tch ONCE 2009"]
[Site "Fuengirola ESP"]
[Date "2009.11.22"]
[Round "1.11"]
[White "Mora Mañez, Julio"]
[Black "Mejias Gonzalez, Javier"]
[Result "1-0"]
[WhiteElo "2036"]
[BlackElo "1952"]
[PlyCount "41"]
[EventDate "2009.11.22"]
[EventType "team-simul"]
[EventRounds "7"]
[EventCountry "ESP"]
[Source "lmi"]
[SourceDate "2009.11.22"]

1. e4 e5 2. Nf3 f5 3. exf5 e4 4. Ne5 Nf6 5. d4 d6 6. Nc4 Bxf5 7. d5 Nbd7 8. Nc3
Qe7 9. Be3 Ng4 10. Bd4 c5 11. dxc6 bxc6 12. Be2 h5 13. h3 Ngf6 14. Na5 Rc8 15.
Bxa7 c5 16. Bb5 e3 17. O-O Bxh3 18. gxh3 Rh6 19. Re1 Qf7 20. Rxe3+ Kd8 21. Qf3
1-0

[Event "España tch ONCE 2009"]
[Site "Fuengirola ESP"]
[Date "2009.11.22"]
[Round "1.12"]
[White "Garcia Cervigon, Cecilio"]
[Black "Monmeneu Chulia, Vicente Juan"]
[Result "1/2-1/2"]
[WhiteElo "1861"]
[BlackElo "1956"]
[PlyCount "61"]
[EventDate "2009.11.22"]
[EventType "team-simul"]
[EventRounds "7"]
[EventCountry "ESP"]
[Source "lmi"]
[SourceDate "2009.11.22"]

1. d4 Nf6 2. c4 g6 3. Nc3 Bg7 4. e4 d6 5. f4 c5 6. d5 O-O 7. Bd3 e6 8. dxe6
fxe6 9. Nf3 Nc6 10. O-O Nd4 11. Qe1 Nh5 12. g3 Bd7 13. Be3 Bc6 14. Rd1 Qb6 15.
Qd2 Rad8 16. Ng5 Rde8 17. g4 Nf6 18. h3 h6 19. e5 hxg5 20. exf6 Rxf6 21. Bxd4
cxd4 22. Ne2 Ref8 23. fxg5 Rxf1+ 24. Rxf1 e5 25. Ng3 Rxf1+ 26. Kxf1 d5 27. cxd5
Bxd5 28. b3 Qc6 29. Qc2 Qxc2 30. Bxc2 Kf7 31. Ke2 1/2-1/2

[Event "España tch ONCE 2009"]
[Site "Fuengirola ESP"]
[Date "2009.11.22"]
[Round "1.13"]
[White "Espadiña Solano, Jaime"]
[Black "Garcia Cervigon, Juan Pablo"]
[Result "1-0"]
[WhiteElo "1879"]
[BlackElo "1818"]
[PlyCount "51"]
[EventDate "2009.11.22"]
[EventType "team-simul"]
[EventRounds "7"]
[EventCountry "ESP"]
[Source "lmi"]
[SourceDate "2009.11.22"]

1. e4 c5 2. Nf3 d6 3. d3 Nc6 4. Nbd2 Nf6 5. g3 e6 6. Bg2 Be7 7. O-O O-O 8. Re1
Rb8 9. c3 e5 10. Nc4 Be6 11. Ne3 Qc8 12. Ng5 Bd7 13. Nd5 h6 14. Nf3 Bd8 15. Nd2
b5 16. Nf1 Nxd5 17. exd5 Ne7 18. Ne3 f5 19. f4 Ng6 20. Rf1 Bb6 21. c4 Qe8 22.
cxb5 exf4 23. Nc4 fxg3 24. Re1 gxh2+ 25. Kh1 Nh4 26. Rxe8 1-0

[Event "España tch ONCE 2009"]
[Site "Fuengirola ESP"]
[Date "2009.11.22"]
[Round "1.14"]
[White "Llaneras Henarejos, Miguel"]
[Black "Parreño Cueto, Andres"]
[Result "0-1"]
[WhiteElo "1696"]
[BlackElo "1790"]
[PlyCount "104"]
[EventDate "2009.11.22"]
[EventType "team-simul"]
[EventRounds "7"]
[EventCountry "ESP"]
[Source "lmi"]
[SourceDate "2009.11.22"]

1. d4 d5 2. c4 e5 3. dxe5 d4 4. Nf3 Nc6 5. a3 Bg4 6. Nbd2 Nge7 7. g3 Qd7 8. Bg2
O-O-O 9. h3 Bf5 10. Qa4 Ng6 11. Nh4 Nxh4 12. Bxc6 Qxc6 13. Qxc6 bxc6 14. gxh4
Be7 15. Nf3 Be4 16. Bg5 Rhe8 17. Bxe7 Rxe7 18. Rg1 d3 19. Nd2 Bg6 20. e3 Rxe5
21. Rg5 Rde8 22. Nf3 Rxg5 23. hxg5 f5 24. gxf6 gxf6 25. Kd2 Be4 26. Nd4 Rg8 27.
Kc3 Rg2 28. f3 Bg6 29. e4 c5 30. Ne6 Rf2 31. Nxc5 Rxf3 32. Rd1 Rxh3 33. Rxd3
Rxd3+ 34. Kxd3 Kd8 35. Ke3 Ke7 36. b4 Kd6 37. Nd3 h5 38. Nf4 Bf7 39. Kd4 h4 40.
a4 Be6 41. c5+ Kd7 42. Ke3 Bb3 43. Nd5 Bxa4 44. Nxf6+ Ke6 45. Nd5 c6 46. Nc3
Bb3 47. Kf4 h3 48. Kg3 Ke5 49. b5 cxb5 50. Nxb5 a6 51. Na3 Be6 52. c6 Kd6 0-1

[Event "España tch ONCE 2009"]
[Site "Fuengirola ESP"]
[Date "2009.11.22"]
[Round "1.21"]
[White "Draghici Flutur, Gravril"]
[Black "Quintero Hernandez, Luis Jose"]
[Result "1-0"]
[WhiteElo "2193"]
[BlackElo "1734"]
[PlyCount "35"]
[EventDate "2009.11.22"]
[EventType "team-simul"]
[EventRounds "7"]
[EventCountry "ESP"]
[Source "lmi"]
[SourceDate "2009.11.22"]

1. c4 e5 2. Nc3 Nf6 3. Nf3 Nc6 4. d3 Nd4 5. Nxe5 Qe7 6. Nf3 Nc6 7. g3 d6 8. Bg2
Be6 9. b4 Qd7 10. b5 Nd8 11. O-O Be7 12. Ng5 O-O 13. Nxe6 fxe6 14. Bb2 a5 15.
Qc2 Rb8 16. Rad1 c5 17. d4 Qc7 18. dxc5 1-0

[Event "España tch ONCE 2009"]
[Site "Fuengirola ESP"]
[Date "2009.11.22"]
[Round "1.22"]
[White "Carrazzoni Roman, Carlos"]
[Black "Olivera Gutierrez, Albert"]
[Result "1/2-1/2"]
[WhiteElo "1750"]
[BlackElo "2104"]
[PlyCount "55"]
[EventDate "2009.11.22"]
[EventType "team-simul"]
[EventRounds "7"]
[EventCountry "ESP"]
[Source "lmi"]
[SourceDate "2009.11.22"]

1. d4 d5 2. Nf3 Nf6 3. c4 c6 4. Nc3 e6 5. cxd5 exd5 6. Bf4 Nbd7 7. e3 Qb6 8.
Qb3 Qxb3 9. axb3 Nh5 10. Bg5 h6 11. Bh4 g5 12. Bg3 Nxg3 13. hxg3 Bg7 14. Bd3
Nf6 15. b4 O-O 16. b5 c5 17. dxc5 Be6 18. O-O Nd7 19. Na4 g4 20. Nd4 Ne5 21.
Be2 Rfc8 22. b4 h5 23. Rac1 Bf8 24. Rfd1 Be7 25. Nb2 b6 26. Nd3 Nxd3 27. Bxd3
bxc5 28. Nc6 1/2-1/2

[Event "España tch ONCE 2009"]
[Site "Fuengirola ESP"]
[Date "2009.11.22"]
[Round "1.24"]
[White "Sanz Bosc, Narciso"]
[Black "Ariste Justo, Jesus Angel"]
[Result "1/2-1/2"]
[WhiteElo "1741"]
[BlackElo "1882"]
[PlyCount "59"]
[EventDate "2009.11.22"]
[EventType "team-simul"]
[EventRounds "7"]
[EventCountry "ESP"]
[Source "lmi"]
[SourceDate "2009.11.22"]

1. d4 d5 2. Nc3 Bf5 3. g3 e6 4. Bg2 Nf6 5. Bg5 Be7 6. Nf3 h6 7. Bf4 c6 8. Nd2
O-O 9. e4 dxe4 10. Ndxe4 Nbd7 11. Qe2 Nd5 12. Bd6 Nxc3 13. bxc3 Re8 14. Bxe7
Qxe7 15. Rb1 Rab8 16. O-O e5 17. Rfe1 Qa3 18. Qc4 Be6 19. Qb4 Qxb4 20. Rxb4 Nb6
21. Nd6 Red8 22. dxe5 Bxa2 23. Ra1 Be6 24. Rxa7 Nc8 25. Raxb7 Rxb7 26. Rxb7
Nxd6 27. exd6 Rxd6 28. Rb8+ Kh7 29. Be4+ g6 30. Rb6 1/2-1/2

[Event "España tch ONCE 2009"]
[Site "Fuengirola ESP"]
[Date "2009.11.22"]
[Round "1.31"]
[White "Huerga Tirados, Angel"]
[Black "Aguilar Sevilla, Diego"]
[Result "1/2-1/2"]
[WhiteElo "1938"]
[BlackElo "2099"]
[PlyCount "49"]
[EventDate "2009.11.22"]
[EventType "team-simul"]
[EventRounds "7"]
[EventCountry "ESP"]
[Source "lmi"]
[SourceDate "2009.11.22"]

1. d4 Nf6 2. Nf3 g6 3. c4 Bg7 4. Nc3 d5 5. Bf4 O-O 6. e3 c5 7. Be2 cxd4 8. Qxd4
Ne4 9. Be5 Nc6 10. Qxd5 Nxe5 11. Qxe4 Bf5 12. Qf4 Nd3+ 13. Bxd3 Bxc3+ 14. bxc3
Qxd3 15. Qd4 Rfd8 16. Qxd3 Rxd3 17. Rc1 Rad8 18. Nd4 e5 19. Nxf5 gxf5 20. O-O
Kg7 21. g3 Kf6 22. Rb1 b6 23. Rb3 Rc8 24. Ra3 Rc7 25. Ra4 1/2-1/2

[Event "España tch ONCE 2009"]
[Site "Fuengirola ESP"]
[Date "2009.11.22"]
[Round "1.32"]
[White "Vilageliu Ceballos, Josep M"]
[Black "Garcia Magadan, Ramon"]
[Result "0-1"]
[WhiteElo "2093"]
[BlackElo "2013"]
[PlyCount "34"]
[EventDate "2009.11.22"]
[EventType "team-simul"]
[EventRounds "7"]
[EventCountry "ESP"]
[Source "lmi"]
[SourceDate "2009.11.22"]

1. c4 e6 2. d4 d5 3. g3 Nf6 4. Bg2 Be7 5. Nf3 O-O 6. O-O dxc4 7. Nc3 c5 8. dxc5
Nc6 9. Qa4 Bd7 10. Qxc4 Qa5 11. Nb5 Ne4 12. Be3 Rfd8 13. a4 Qb4 14. Rac1 a6 15.
Nbd4 Qxc4 16. Rxc4 Na5 17. Rcc1 Bxc5 0-1

[Event "España tch ONCE 2009"]
[Site "Fuengirola ESP"]
[Date "2009.11.22"]
[Round "1.33"]
[White "Menendez Solar, Jose Carlos"]
[Black "Pimienta Sanchez, Manuel"]
[Result "0-1"]
[WhiteElo "1844"]
[BlackElo "1892"]
[PlyCount "124"]
[EventDate "2009.11.22"]
[EventType "team-simul"]
[EventRounds "7"]
[EventCountry "ESP"]
[Source "lmi"]
[SourceDate "2009.11.22"]

1. d4 Nf6 2. c4 d6 3. Nc3 Bf5 4. f3 c6 5. e4 Bd7 6. Be3 Na6 7. Bd3 e5 8. Nge2
c5 9. d5 Be7 10. g4 h5 11. g5 Ng8 12. Qd2 Nb4 13. Rg1 Qa5 14. Kf2 Bf8 15. a3
Nxd3+ 16. Qxd3 Qc7 17. h4 Ne7 18. Nb5 Qb8 19. f4 a6 20. Nbc3 exf4 21. Nxf4 Bg4
22. Rae1 Ng6 23. Nxg6 fxg6 24. Kg3 Be7 25. Rgf1 Rf8 26. Rxf8+ Kxf8 27. Bf4 Qd8
28. Nd1 Qd7 29. Kh2 Kg8 30. Qg3 Bxd1 31. Rxd1 Qa4 32. Rd2 Qxc4 33. Qd3 Qa4 34.
Bg3 Rf8 35. e5 Qg4 36. Qxg6 dxe5 37. Qe6+ Qxe6 38. dxe6 e4 39. Rd7 Re8 40. Rxb7
c4 41. Be5 Kh7 42. Kg3 Bf8 43. Rb6 e3 44. Kf3 Bc5 45. Rb7 Kg6 46. Ke4 Bf8 47.
Kxe3 Kf5 48. Rb8 Bc5+ 49. Kf3 Rxe6 50. Bf4 Re4 51. Bd2 Rxh4 52. Rc8 Bd6 53. Rd8
Be7 54. Re8 Ke6 55. Bf4 Kf7 56. Rc8 Rg4 57. Rxc4 Bxg5 58. Ra4 Bxf4 59. Rxf4+
Rxf4+ 60. Kxf4 Kf6 61. b4 g5+ 62. Kg3 Ke5 0-1

[Event "España tch ONCE 2009"]
[Site "Fuengirola ESP"]
[Date "2009.11.22"]
[Round "1.34"]
[White "Canals Recasen, Francesc"]
[Black "Fernandez Rubio, Ulpiano"]
[Result "1-0"]
[WhiteElo "1918"]
[BlackElo "1761"]
[PlyCount "41"]
[EventDate "2009.11.22"]
[EventType "team-simul"]
[EventRounds "7"]
[EventCountry "ESP"]
[Source "lmi"]
[SourceDate "2009.11.22"]

1. d4 d5 2. c4 e6 3. Nf3 Nf6 4. g3 c6 5. Nbd2 Be7 6. Bg2 Nbd7 7. O-O O-O 8. Qc2
h6 9. Rd1 Re8 10. e4 dxe4 11. Nxe4 Nxe4 12. Qxe4 Nf6 13. Qe2 Bd6 14. Ne5 Qa5
15. Bd2 Qc7 16. Bf4 Bd7 17. Rac1 Rac8 18. Qf3 Re7 19. c5 Bxe5 20. Bxe5 Qa5 21.
Bxf6 1-0

[Event "España tch ONCE 2009"]
[Site "Fuengirola ESP"]
[Date "2009.11.23"]
[Round "1.34"]
[White "Gutierrez Garcia, Julio"]
[Black "Sanz Bosc, Narciso"]
[Result "0-1"]
[WhiteElo "1649"]
[BlackElo "1741"]
[PlyCount "74"]
[EventDate "2009.11.22"]
[EventType "team-simul"]
[EventRounds "7"]
[EventCountry "ESP"]
[Source "lmi"]
[SourceDate "2009.11.22"]

1. d4 d5 2. c4 c6 3. Nf3 Nf6 4. Nc3 dxc4 5. e3 b5 6. a3 Bf5 7. g3 e6 8. Bg2
Nbd7 9. O-O Be7 10. Re1 Ne4 11. Nd2 Nxc3 12. bxc3 Rc8 13. e4 Bg6 14. f4 O-O 15.
Qe2 Re8 16. Rf1 Nb6 17. Qf3 f5 18. e5 Nd5 19. Bb2 c5 20. Rac1 cxd4 21. cxd4 Qa5
22. Nb1 Rc7 23. Nc3 Nxc3 24. Qxc3 Qb6 25. Kh1 b4 26. axb4 Bxb4 27. Qc2 c3 28.
Ba1 Rd8 29. Rcd1 Bh5 30. Bf3 Bxf3+ 31. Rxf3 Rxd4 32. Rxd4 Qxd4 33. Rd3 Qe4+ 34.
Kg1 Bc5+ 35. Kf1 Qh1+ 36. Ke2 Qg2+ 37. Kd1 Qf1# 0-1

[Event "España tch ONCE 2009"]
[Site "Fuengirola ESP"]
[Date "2009.11.22"]
[Round "1.41"]
[White "Moreno Campillo, Ricardo"]
[Black "Lococo Cobo, Nicola"]
[Result "0-1"]
[WhiteElo "1653"]
[BlackElo "2074"]
[PlyCount "56"]
[EventDate "2009.11.22"]
[EventType "team-simul"]
[EventRounds "7"]
[EventCountry "ESP"]
[Source "lmi"]
[SourceDate "2009.11.22"]

1. e4 e6 2. d4 d5 3. e5 c5 4. Nf3 Nc6 5. Be2 Nge7 6. c3 cxd4 7. cxd4 Qb6 8. b3
Nf5 9. Be3 Bb4+ 10. Nbd2 Ncxd4 11. O-O Nxf3+ 12. Nxf3 Nxe3 13. fxe3 Qxe3+ 14.
Kh1 O-O 15. a3 Bc3 16. Rb1 Bd7 17. Qd3 Qxd3 18. Bxd3 Rac8 19. a4 h6 20. h3 Rc7
21. Kh2 Rfc8 22. Kg3 Bb4 23. Be2 Rc3 24. Kh2 a6 25. Nd4 Re3 26. Rfc1 Bc3 27.
Rxc3 Rcxc3 28. Bf3 Rxe5 0-1

[Event "España tch ONCE 2009"]
[Site "Fuengirola ESP"]
[Date "2009.11.23"]
[Round "2.11"]
[White "Mejias Gonzalez, Javier"]
[Black "Lococo Cobo, Nicola"]
[Result "0-1"]
[WhiteElo "1952"]
[BlackElo "2074"]
[PlyCount "92"]
[EventDate "2009.11.22"]
[EventType "team-simul"]
[EventRounds "7"]
[EventCountry "ESP"]
[Source "lmi"]
[SourceDate "2009.11.22"]

1. e4 e6 2. d4 b6 3. Nc3 Bb7 4. Bd3 c5 5. d5 Nf6 6. Qf3 d6 7. Bc4 e5 8. Bg5 a6
9. a4 Nbd7 10. Nge2 Be7 11. Ng3 g6 12. Bh6 Bf8 13. Bg5 h6 14. Bxf6 Qxf6 15. Qe2
h5 16. h4 Bh6 17. Nf1 Ke7 18. Nd2 Qf4 19. Ncb1 f5 20. Ra3 fxe4 21. g3 Qf7 22.
Nxe4 Rhf8 23. Nbd2 Bxd5 24. Nxd6 Kxd6 25. Rd3 Nf6 26. Bxd5 Nxd5 27. Nc4+ Kc7
28. Qxe5+ Kc6 29. Qd6+ Kb7 30. Qxd5+ Qxd5 31. Rxd5 b5 32. Ne3 Kc6 33. Rd3 c4
34. axb5+ axb5 35. Ra3 Rxa3 36. bxa3 Ra8 37. Ke2 Rxa3 38. Rd1 Bxe3 39. fxe3 Ra2
40. Rc1 b4 41. Kf3 Kc5 42. Kf4 Rxc2 43. Rxc2 b3 44. Rb2 Kb4 45. Ke4 c3 46. Rb1
c2 0-1

[Event "España tch ONCE 2009"]
[Site "Fuengirola ESP"]
[Date "2009.11.23"]
[Round "2.12"]
[White "Saez Gabicagogeascoa, Oscar"]
[Black "Garcia Cervigon, Cecilio"]
[Result "0-1"]
[WhiteElo "1966"]
[BlackElo "1861"]
[PlyCount "47"]
[EventDate "2009.11.22"]
[EventType "team-simul"]
[EventRounds "7"]
[EventCountry "ESP"]
[Source "lmi"]
[SourceDate "2009.11.22"]

1. e4 c6 2. d4 d5 3. exd5 cxd5 4. c4 Nf6 5. Nc3 Nc6 6. Nf3 e6 7. c5 Be7 8. Bb5
Bd7 9. O-O O-O 10. Bxc6 Bxc6 11. Ne5 Be8 12. b4 Nd7 13. Nf3 f6 14. Bf4 Bh5 15.
Qd3 g5 16. Bd2 Rc8 17. Rac1 g4 18. Ne1 f5 19. Qe3 Bf7 20. Nd3 Bf6 21. Nf4 e5
22. dxe5 Nxe5 23. Kh1 d4 24. Qg3 0-1

[Event "España tch ONCE 2009"]
[Site "Fuengirola ESP"]
[Date "2009.11.23"]
[Round "2.13"]
[White "Garcia Cervigon, Juan Pablo"]
[Black "Redondo Maguregui, Juan Manuel"]
[Result "1-0"]
[WhiteElo "1818"]
[BlackElo "1628"]
[PlyCount "93"]
[EventDate "2009.11.22"]
[EventType "team-simul"]
[EventRounds "7"]
[EventCountry "ESP"]
[Source "lmi"]
[SourceDate "2009.11.22"]

1. e4 c5 2. Nf3 e6 3. d4 cxd4 4. Nxd4 a6 5. Nc3 Nc6 6. Be3 Qc7 7. Be2 g6 8. Qd2
Bg7 9. O-O h5 10. f4 Nge7 11. Rad1 Rb8 12. Kh1 b5 13. Bf3 Bb7 14. f5 b4 15.
Nce2 Be5 16. Bg1 h4 17. Bg4 h3 18. Bxh3 gxf5 19. Nf3 fxe4 20. Nxe5 Nxe5 21. Qf4
Rxh3 22. Bd4 N7g6 23. Bxe5 Nxe5 24. gxh3 Qc6 25. Nd4 Qc5 26. Qf6 e3+ 27. Nf3
Bxf3+ 28. Rxf3 Nxf3 29. Qxf3 d5 30. Re1 d4 31. Qf6 Rd8 32. Rf1 Qe7 33. Qh8+ Qf8
34. Qf6 Rd5 35. Qf4 f5 36. h4 Qf6 37. Qb8+ Kf7 38. Rg1 Rd8 39. Qc7+ Kf8 40. Qh7
Qf7 41. Qh6+ Ke8 42. Rg7 Rc8 43. Qh8+ Qf8 44. Rg8 Ke7 45. Rxf8 Rxf8 46. Qxd4 f4
47. Qxb4+ 1-0

[Event "España tch ONCE 2009"]
[Site "Fuengirola ESP"]
[Date "2009.11.23"]
[Round "2.14"]
[White "Berdasco Revilla, Carmelo"]
[Black "Rincon Martin, Santiago"]
[Result "1/2-1/2"]
[WhiteElo "1634"]
[BlackElo "1749"]
[PlyCount "87"]
[EventDate "2009.11.22"]
[EventType "team-simul"]
[EventRounds "7"]
[EventCountry "ESP"]
[Source "lmi"]
[SourceDate "2009.11.22"]

1. e4 c6 2. d4 d5 3. Nc3 dxe4 4. Nxe4 Bf5 5. Ng3 Bg6 6. Nf3 Nd7 7. Bc4 e6 8.
O-O Ngf6 9. Re1 Bd6 10. Ng5 Nd5 11. N3e4 Be7 12. c3 h6 13. Nf3 O-O 14. Bd3 Rc8
15. Bb1 Bxe4 16. Bxe4 N7f6 17. Bb1 c5 18. Be3 Nxe3 19. fxe3 Nd7 20. Qd3 g6 21.
e4 cxd4 22. cxd4 Qb6 23. Bc2 Qxb2 24. Bb3 Qc3 25. Qf1 Nf6 26. e5 Nd5 27. Rac1
Qb4 28. Qf2 Rc3 29. Rb1 Qa5 30. Qd2 Kg7 31. Bxd5 exd5 32. Rxb7 Bb4 33. Rb1 Rxf3
34. R1xb4 Ra3 35. R7b5 Rxa2 36. Rxa5 Rxd2 37. Rxa7 Rc8 38. Rb1 Rcc2 39. Rd7
Rxg2+ 40. Kf1 Rgf2+ 41. Kg1 Rg2+ 42. Kf1 h5 43. e6 Rgf2+ 44. Kg1 1/2-1/2

[Event "España tch ONCE 2009"]
[Site "Fuengirola ESP"]
[Date "2009.11.23"]
[Round "2.21"]
[White "Aguilar Sevilla, Diego"]
[Black "Moreno Campillo, Ricardo"]
[Result "1-0"]
[WhiteElo "2099"]
[BlackElo "1653"]
[PlyCount "59"]
[EventDate "2009.11.22"]
[EventType "team-simul"]
[EventRounds "7"]
[EventCountry "ESP"]
[Source "lmi"]
[SourceDate "2009.11.22"]

1. e4 e5 2. Nf3 Nc6 3. Bb5 a6 4. Ba4 Nf6 5. O-O Be7 6. Re1 b5 7. Bb3 d6 8. c3
O-O 9. h3 Na5 10. Bc2 d5 11. exd5 e4 12. Bxe4 Nxe4 13. Rxe4 Re8 14. d3 Qxd5 15.
c4 bxc4 16. Re5 Qxd3 17. Qxd3 cxd3 18. Rxa5 Bb7 19. Nc3 Bxf3 20. gxf3 c6 21.
Re5 Rad8 22. Bd2 Kf8 23. Rae1 Rb8 24. b3 h6 25. Kf1 Rbd8 26. Nb1 Rd5 27. Kg2
Rc5 28. Rxe7 Rxe7 29. Rxe7 Rc2 30. Re3 1-0

[Event "España tch ONCE 2009"]
[Site "Fuengirola ESP"]
[Date "2009.11.23"]
[Round "2.32"]
[White "Garcia Magadan, Ramon"]
[Black "Carrazzoni Roman, Carlos"]
[Result "1-0"]
[WhiteElo "2013"]
[BlackElo "1750"]
[PlyCount "91"]
[EventDate "2009.11.22"]
[EventType "team-simul"]
[EventRounds "7"]
[EventCountry "ESP"]
[Source "lmi"]
[SourceDate "2009.11.22"]

1. e4 Nf6 2. e5 Nd5 3. d4 d6 4. c4 Nb6 5. exd6 exd6 6. Nf3 Bg4 7. Nc3 Nc6 8.
Be3 Be7 9. h3 Bh5 10. b3 O-O 11. Be2 Bf6 12. Ne4 Be7 13. Ng3 Bg6 14. Bd3 Bf6
15. O-O Re8 16. Bxg6 hxg6 17. Qd2 a5 18. Rac1 d5 19. c5 Nc8 20. a3 Qd7 21. Bg5
Bxg5 22. Qxg5 N8e7 23. Rfe1 Nf5 24. Qg4 Re7 25. Rxe7 Ncxe7 26. Ne5 Qb5 27. Rc3
Re8 28. Nxf5 Nxf5 29. Qf4 Qe2 30. Kh2 Qb2 31. Rd3 Qc2 32. Qf3 Rd8 33. g4 Nh6
34. Re3 Qd2 35. Nd3 Qc3 36. Qf4 Qxb3 37. Qxc7 Rf8 38. Kg2 g5 39. Qxa5 f5 40.
Ne5 Qb2 41. Ng6 Rb8 42. Qc7 Ra8 43. Qd7 Qxd4 44. Re8+ Rxe8 45. Qxe8+ Kh7 46.
Nf8+ 1-0

[Event "España tch ONCE 2009"]
[Site "Fuengirola ESP"]
[Date "2009.11.23"]
[Round "2.41"]
[White "Mora Mañez, Julio"]
[Black "Draghici Flutur, Gravril"]
[Result "1/2-1/2"]
[WhiteElo "2036"]
[BlackElo "2193"]
[PlyCount "99"]
[EventDate "2009.11.22"]
[EventType "team-simul"]
[EventRounds "7"]
[EventCountry "ESP"]
[Source "lmi"]
[SourceDate "2009.11.22"]

1. d4 d5 2. c4 dxc4 3. e3 Nf6 4. Bxc4 Nc6 5. Nf3 e6 6. O-O a6 7. a4 Bd6 8. Nc3
O-O 9. e4 e5 10. d5 Nb4 11. Bg5 h6 12. Bh4 Bg4 13. Be2 Qe7 14. Rc1 c6 15. dxc6
bxc6 16. Nd2 Be6 17. Nc4 Bc7 18. Qb3 Rab8 19. Qa3 Rfd8 20. Rfd1 Bxc4 21. Bxc4
Rd4 22. Rxd4 exd4 23. Ne2 Qxe4 24. Bxf6 gxf6 25. Ng3 Qf4 26. Rd1 d3 27. Bxd3
Nxd3 28. Qxd3 Rxb2 29. f3 h5 30. Qxa6 Qe3+ 31. Kh1 Bxg3 32. hxg3 Qf2 33. Qc8+
Kg7 34. Qh3 Ra2 35. Kh2 c5 36. Rd5 Ra1 37. Qxh5 Qg1+ 38. Kh3 Qh1+ 39. Kg4 Rxa4+
40. f4 Qxg2 41. Rxc5 Ra3 42. Qh4 Qf3+ 43. Kh3 Qf1+ 44. Kg4 Ra2 45. Qh3 Qg1 46.
Rh5 Qd1+ 47. Kh4 Qg1 48. Qg4+ Kf8 49. Qc8+ Ke7 50. Qc7+ 1/2-1/2

[Event "España tch ONCE 2009"]
[Site "Fuengirola ESP"]
[Date "2009.11.23"]
[Round "2.42"]
[White "Olivera Gutierrez, Albert"]
[Black "Monmeneu Chulia, Vicente Juan"]
[Result "1-0"]
[WhiteElo "2104"]
[BlackElo "1956"]
[PlyCount "39"]
[EventDate "2009.11.22"]
[EventType "team-simul"]
[EventRounds "7"]
[EventCountry "ESP"]
[Source "lmi"]
[SourceDate "2009.11.22"]

1. e4 e6 2. d4 d5 3. Nc3 dxe4 4. Nxe4 Nd7 5. Nf3 Ngf6 6. Ng3 c5 7. dxc5 Bxc5 8.
Bd3 Qc7 9. O-O O-O 10. Ng5 h6 11. N5e4 Be7 12. c3 Nxe4 13. Nxe4 Nf6 14. Nxf6+
Bxf6 15. Qf3 Be5 16. h3 Rb8 17. Re1 f5 18. Rxe5 Bd7 19. Re1 e5 20. Qd5+ 1-0

[Event "España tch ONCE 2009"]
[Site "Fuengirola ESP"]
[Date "2009.11.23"]
[Round "2.43"]
[White "Espadiña Solano, Jaime"]
[Black "Ortiz Amenos, Jose Luis"]
[Result "1-0"]
[WhiteElo "1879"]
[BlackElo "2047"]
[PlyCount "65"]
[EventDate "2009.11.22"]
[EventType "team-simul"]
[EventRounds "7"]
[EventCountry "ESP"]
[Source "lmi"]
[SourceDate "2009.11.22"]

1. e4 c5 2. Nf3 Nc6 3. d3 g6 4. g3 Bg7 5. Bg2 e6 6. O-O Nge7 7. Nbd2 O-O 8. Re1
d6 9. c3 Rb8 10. Nf1 b5 11. d4 cxd4 12. cxd4 d5 13. e5 Qb6 14. g4 Ba6 15. Bf4
Rbc8 16. Rc1 Rc7 17. h4 Rfc8 18. Qd2 Na5 19. b3 b4 20. N1h2 Rc3 21. Bh6 Qc7 22.
Rcd1 Nec6 23. Bxg7 Kxg7 24. Qf4 Qe7 25. g5 Nb8 26. Ng4 Rc2 27. Rc1 Rxa2 28.
Rxc8 Bxc8 29. Rc1 Nbc6 30. h5 gxh5 31. Nf6 Bb7 32. Qh4 Qf8 33. Qxh5 1-0

[Event "España tch ONCE 2009"]
[Site "Fuengirola ESP"]
[Date "2009.11.24"]
[Round "2.44"]
[White "Ariste Justo, Jesus Angel"]
[Black "Parreño Cueto, Andres"]
[Result "0-1"]
[WhiteElo "1882"]
[BlackElo "1790"]
[PlyCount "45"]
[EventDate "2009.11.22"]
[EventType "team-simul"]
[EventRounds "7"]
[EventCountry "ESP"]
[Source "lmi"]
[SourceDate "2009.11.22"]

1. d4 d5 2. c4 e5 3. dxe5 d4 4. Nf3 Nc6 5. g3 Bg4 6. Bg2 Qd7 7. O-O O-O-O 8.
Qb3 Bh3 9. Nbd2 Be7 10. Ne4 h6 11. Rd1 Bxg2 12. Kxg2 g5 13. Be3 Qg4 14. Nf6
Nxf6 15. exf6 dxe3 16. Rxd8+ Nxd8 17. Qxe3 Bxf6 18. Qxa7 Nc6 19. Qa8+ Nb8 20.
Qa4 Qe4 21. Kf1 Re8 22. Ng1 Qc6 23. Qc2 0-1

[Event "España tch ONCE 2009"]
[Site "Fuengirola ESP"]
[Date "2009.11.24"]
[Round "3.11"]
[White "Draghici Flutur, Gravril"]
[Black "Mejias Gonzalez, Javier"]
[Result "1-0"]
[WhiteElo "2193"]
[BlackElo "1952"]
[PlyCount "61"]
[EventDate "2009.11.22"]
[EventType "team-simul"]
[EventRounds "7"]
[EventCountry "ESP"]
[Source "lmi"]
[SourceDate "2009.11.22"]

1. e4 e5 2. Nc3 Nf6 3. f4 d6 4. Nf3 exf4 5. d4 Be7 6. Bxf4 Nh5 7. Be3 O-O 8.
Bd3 Bg4 9. O-O Nc6 10. Nd5 Qd7 11. b4 Rae8 12. h3 Ng3 13. hxg4 Nxf1 14. Qxf1
Qxg4 15. b5 Nb8 16. Nxc7 Nd7 17. Nxe8 Rxe8 18. Nh2 Qe6 19. Bc4 Qg6 20. Qf5 Qxf5
21. exf5 Bf6 22. Bf2 Nb6 23. Bb3 Re2 24. Ng4 Bg5 25. Re1 Rxe1+ 26. Bxe1 h5 27.
Nh2 d5 28. Nf3 Bf6 29. a4 Nc4 30. Bxc4 dxc4 31. c3 1-0

[Event "España tch ONCE 2009"]
[Site "Fuengirola ESP"]
[Date "2009.11.24"]
[Round "3.12"]
[White "Garcia Cervigon, Cecilio"]
[Black "Olivera Gutierrez, Albert"]
[Result "0-1"]
[WhiteElo "1861"]
[BlackElo "2104"]
[PlyCount "44"]
[EventDate "2009.11.22"]
[EventType "team-simul"]
[EventRounds "7"]
[EventCountry "ESP"]
[Source "lmi"]
[SourceDate "2009.11.22"]

1. d4 d5 2. Nf3 Nf6 3. c4 c6 4. Nc3 e6 5. Bg5 h6 6. Bh4 dxc4 7. Bxf6 Qxf6 8. a4
Bb4 9. e3 b5 10. Be2 a6 11. O-O Bxc3 12. bxc3 Nd7 13. Nd2 O-O 14. Bf3 Bb7 15.
Qb1 Nb6 16. Be2 Qe7 17. a5 Nd5 18. Qb2 e5 19. Bf3 exd4 20. exd4 c5 21. Rfe1 Qc7
22. Re5 Rad8 0-1

[Event "España tch ONCE 2009"]
[Site "Fuengirola ESP"]
[Date "2009.11.24"]
[Round "3.13"]
[White "Ortiz Amenos, Jose Luis"]
[Black "Garcia Cervigon, Juan Pablo"]
[Result "1-0"]
[WhiteElo "2047"]
[BlackElo "1818"]
[PlyCount "53"]
[EventDate "2009.11.22"]
[EventType "team-simul"]
[EventRounds "7"]
[EventCountry "ESP"]
[Source "lmi"]
[SourceDate "2009.11.22"]

1. e4 e6 2. d4 c5 3. c3 b6 4. Nf3 Ba6 5. Bxa6 Nxa6 6. O-O Nc7 7. Re1 d6 8. Bf4
Be7 9. Nbd2 Nh6 10. Nf1 Qd7 11. b4 c4 12. Qe2 b5 13. a4 a6 14. axb5 axb5 15. h3
O-O 16. Qe3 Kh8 17. Bxh6 gxh6 18. Qxh6 Rg8 19. Ng3 Bf8 20. Qh5 f6 21. Nh2 Ra4
22. Ng4 Ne8 23. Rxa4 bxa4 24. Qa5 d5 25. exd5 exd5 26. Ne3 Nd6 27. Qxd5 1-0